[Event "Canadian zt"]
[Site "Toronto"]
[Date "2024.04.01"]
[Round "8"]
[White "Atanasov, Anthony"]
[Black "Lawson, Eric"]
[Result "1-0"]
[WhiteElo "2407"]
[BlackElo "2192"]
[PlyCount "119"]
[EventDate "2024.03.27"]
[EventType "team-swiss"]
[EventRounds "10"]
[EventCountry "CAN"]
[SourceTitle "CB15_2024"]
[SourceDate "2024.04.10"]
[SourceVersion "1"]
[SourceVersionDate "2024.04.10"]
[SourceQuality "1"]

1. e4 c5 2. Nf3 d6 3. Nc3 Nf6 4. d4 cxd4 5. Nxd4 a6 6. Nf3 e5 7. Bc4 Be7 8. Bg5 Be6 9. Bxf6 Bxf6 10. Bb3 0-0 11. 0-0 Be7 12. Qe2 Nd7 13. Rfd1 Rc8 14. Nd5 Nc5 15. c3 b5 16. Bc2 Bxd5 17. Rxd5 Qb6 18. Nd2 Bg5 19. g3 Bxd2 20. Qxd2 Rc6 21. Rd1 Nb7 22. Bb3 g6 23. h4 Kg7 24. Kg2 h5 25. f4 f6 26. Rd3 Rc7 27. Rf3 Nc5 28. Qf2 Rd7 29. f5 b4 30. fxg6 bxc3 31. bxc3 Qd8 32. Bd5 Kxg6 33. Rf5 Rh7 34. Rf1 Qe7 35. Kh2 Rh6 36. Rg1 Kg7 37. Qf3 Qe8 38. Rf1 Kh7 39. Rb1 Kg7 40. Rb2 Kg6 41. Rg2 Kh7 42. Kg1 Kg7 43. g4 hxg4 44. h5 Kh8 45. Qxg4 Qd7 46. Qh4 Qh7 47. Qg3 Rb8 48. Qf3 Rb1+ 49. Kh2 Rb8 50. Kh3 Qd7 51. Kh2 Qh7 52. Rg3 Rb2+ 53. Kh3 Rd2 54. Rxf6 Rxh5+ 55. Kg4 Rh4+ 56. Kg5 Qg7+ 57. Kxh4 Rh2+ 58. Rh3 Qh7+ 59. Kg5 Nxe4+ 60. Bxe4 1-0

[Event "North American op 33rd"]
[Site "Las Vegas"]
[Date "2023.12.29"]
[Round "7"]
[White "Rowe, Duane"]
[Black "Lawson, Eric"]
[Result "0-1"]
[WhiteElo "2039"]
[BlackElo "2195"]
[PlyCount "154"]
[EventDate "2023.12.26"]
[EventType "swiss"]
[EventRounds "9"]
[EventCountry "USA"]
[SourceTitle "CB01_2024"]
[SourceDate "2024.01.03"]
[SourceVersion "1"]
[SourceVersionDate "2024.01.03"]
[SourceQuality "1"]

1. d4 d5 2. Nf3 Nf6 3. e3 c6 4. Bd3 Bg4 5. Nbd2 Nbd7 6. c4 e6 7. 0-0 Bd6 8. Qb3 Qc7 9. h3 Bh5 10. cxd5 exd5 11. Nh4 Bg6 12. Nf5 0-0 13. Nxd6 Bxd3 14. Qxd3 Qxd6 15. b4 a6 16. f3 Nh5 17. a4 Ng3 18. Re1 f5 19. Qb3 b5 20. e4 Nb6 21. e5 Qe7 22. f4 Nh5 23. a5 Nc4 24. Nf1 Qh4 25. g3 Qe7 26. Qc3 g6 27. Ra2 Ng7 28. Nh2 Ne6 29. Nf3 h6 30. Rg2 Kf7 31. g4 Ke8 32. gxf5 Rxf5 33. Qd3 Kd7 34. Rxg6 Raf8 35. Rf1 Nxf4 36. Bxf4 Rxf4 37. Nh2 Qxb4 38. Rg7+ Kd8 39. Qh7 Rxf1+ 40. Nxf1 Nxe5 41. dxe5 Qd4+ 42. Kh2 Qxe5+ 43. Kg1 Qd4+ 44. Kh2 Qf4+ 45. Rg3 Qxf1 46. Rg2 Qf4+ 47. Kg1 Re8 48. Rg8 Rxg8+ 49. Qxg8+ Kd7 50. Qg7+ Kd6 51. Qa7 Qc1+ 52. Kg2 Qd2+ 53. Kf3 Qxa5 54. Qb8+ Kd7 55. Qb7+ Qc7 56. Qxa6 b4 57. Qd3 Qd6 58. Qa6 Qb8 59. Qd3 Qf8+ 60. Kg4 Qg7+ 61. Kf4 Kd6 62. Qa6 Qe5+ 63. Kg4 Qe4+ 64. Kh5 Qf5+ 65. Kxh6 Qxh3+ 66. Kg5 Qe3+ 67. Kf5 Qe4+ 68. Kf6 Qf4+ 69. Kg6 Qc4 70. Qa8 Kc5 71. Qa5+ Kd4 72. Qa1+ Qc3 73. Qg1+ Kc4 74. Qg4+ Kb3 75. Kf5 Qd3+ 76. Kf6 c5 77. Qg1 Qd4+ 0-1

[Event "Titled Tuesday intern op 22nd Aug Late"]
[Site "Chess.com INT"]
[Date "2023.08.22"]
[Round "8"]
[White "Lawson, Eric"]
[Black "Melikhov, Evgeny V"]
[Result "1-0"]
[WhiteElo "2221"]
[BlackElo "2252"]
[PlyCount "97"]
[EventDate "2023.08.22"]
[EventType "swiss (blitz)"]
[EventRounds "11"]
[EventCountry "USA"]
[SourceTitle "EXT 2024"]
[Source "ChessBase"]
[SourceDate "2023.10.10"]
[SourceVersion "1"]
[SourceVersionDate "2023.10.10"]
[SourceQuality "1"]

1. e4 e5 2. Nf3 Nc6 3. Bc4 Nf6 4. d3 Be7 5. 0-0 0-0 6. Nc3 d6 7. a4 a5 8. Bd2 Be6 9. Nd5 Bxd5 10. exd5 Nd4 11. Nxd4 exd4 12. Qf3 Nd7 13. Rfe1 Bf6 14. Qh5 g6 15. Qh3 Bg7 16. Re4 f5 17. Re6 Nc5 18. Re2 Qf6 19. Bb5 b6 20. Bc6 Rad8 21. f4 Rf7 22. Rae1 Bf8 23. Qf3 Re7 24. Rxe7 Bxe7 25. Re2 Rf8 26. Be1 Bd8 27. Bf2 Rf7 28. Re8+ Kg7 29. Qe2 Re7 30. Rxe7+ Bxe7 31. Kf1 Kf8 32. Ke1 h6 33. Kd1 g5 34. g3 g4 35. Qe1 h5 36. Qg1 Qg7 37. Bxd4 Bf6 38. Bxf6 Qxf6 39. Kc1 Qe7 40. Qf2 Kf7 41. Kd2 Qf6 42. c3 Qe7 43. b4 axb4 44. cxb4 Na6 45. Qd4 Qf6 46. Qxf6+ Kxf6 47. Kc3 Nb8 48. a5 bxa5 49. bxa5 1-0

[Event "Titled Tuesday intern op 22nd Aug Late"]
[Site "Chess.com INT"]
[Date "2023.08.22"]
[Round "10"]
[White "Lawson, Eric"]
[Black "Yang, Kevin S"]
[Result "0-1"]
[WhiteElo "2221"]
[BlackElo "2096"]
[PlyCount "132"]
[EventDate "2023.08.22"]
[EventType "swiss (blitz)"]
[EventRounds "11"]
[EventCountry "USA"]
[SourceTitle "EXT 2024"]
[Source "ChessBase"]
[SourceDate "2023.10.10"]
[SourceVersion "1"]
[SourceVersionDate "2023.10.10"]
[SourceQuality "1"]

1. e4 e6 2. d4 a6 3. f4 d5 4. e5 Ne7 5. Nf3 c5 6. dxc5 Nbc6 7. Be3 Nf5 8. Bf2 h5 9. c3 f6 10. Nbd2 fxe5 11. Nxe5 Nxe5 12. fxe5 Qc7 13. Nf3 Bxc5 14. Qd2 Bxf2+ 15. Qxf2 Bd7 16. Bd3 0-0 17. 0-0 Nh6 18. Kh1 Bb5 19. Bxb5 axb5 20. a3 Rf4 21. Qg3 Raf8 22. h3 R4f5 23. Rfe1 Rf4 24. Qg6 Qf7 25. Qxf7+ Kxf7 26. Nd4 Rf2 27. Rf1 Ke7 28. Kg1 Rxb2 29. Rxf8 Kxf8 30. Nxe6+ Kf7 31. Nd4 Ke7 32. a4 b4 33. cxb4 Rxb4 34. Nf3 Nf5 35. a5 Rb2 36. Rc1 Kd7 37. Rd1 Ne3 38. Rd3 Nxg2 39. Rxd5+ Ke7 40. Nd4 Nf4 41. Rd6 Nxh3+ 42. Kf1 Nf4 43. Nf5+ Kf7 44. Rb6 Rxb6 45. axb6 Ke6 46. Nd6 Nd5 47. Nxb7 Nxb6 48. Nc5+ Kxe5 49. Nd3+ Ke4 50. Nf2+ Kf3 51. Nh3 Nd5 52. Ng5+ Kg4 53. Ne6 g6 54. Kf2 Nf4 55. Nf8 h4 56. Kg1 g5 57. Kh2 Kf5 58. Nd7 g4 59. Nc5 g3+ 60. Kh1 Kg4 61. Ne4 Kf3 62. Ng5+ Kg4 63. Ne4 h3 64. Kg1 Ne2+ 65. Kh1 g2+ 66. Kh2 g1Q# 0-1

[Event "CAN Transnational op"]
[Site "Montreal"]
[Date "2023.06.11"]
[Round "9"]
[White "Lawson, Eric"]
[Black "Demchenko, Svitlana"]
[Result "1-0"]
[WhiteElo "2217"]
[BlackElo "2173"]
[PlyCount "71"]
[EventDate "2023.06.06"]
[EventType "swiss"]
[EventRounds "9"]
[EventCountry "CAN"]
[SourceTitle "CBM 214 Extra"]
[Source "ChessBase"]
[SourceDate "2023.07.31"]
[SourceVersion "1"]
[SourceVersionDate "2023.07.31"]
[SourceQuality "1"]

1. e4 c5 2. Nf3 e6 3. d4 cxd4 4. Nxd4 Bc5 5. Nb3 Bb6 6. g3 Ne7 7. Nc3 0-0 8. Bg2 Nbc6 9. Bf4 d5 10. exd5 exd5 11. 0-0 Be6 12. Na4 Bc7 13. Bxc7 Qxc7 14. Nac5 b6 15. Nxe6 fxe6 16. Qe2 e5 17. c4 d4 18. Nc1 Rae8 19. Nd3 Nf5 20. Be4 Nd6 21. Rfe1 Nxe4 22. Qxe4 Re7 23. Rac1 a5 24. a3 a4 25. c5 b5 26. Nb4 Nxb4 27. axb4 Rf6 28. f4 Rfe6 29. Qd5 Kf8 30. fxe5 Rxe5 31. Rf1+ Ke8 32. Qxd4 Re3 33. Qd5 R7e6 34. Qa8+ Ke7 35. Qf8+ Kd7 36. c6+ 1-0

[Event "CAN Transnational op"]
[Site "Montreal"]
[Date "2023.06.06"]
[Round "1"]
[White "Lawson, Eric"]
[Black "Woodward, Andy"]
[Result "0-1"]
[WhiteElo "2217"]
[BlackElo "2466"]
[PlyCount "106"]
[EventDate "2023.06.06"]
[EventType "swiss"]
[EventRounds "9"]
[EventCountry "CAN"]
[SourceTitle "CBM 214 Extra"]
[Source "ChessBase"]
[SourceDate "2023.07.31"]
[SourceVersion "1"]
[SourceVersionDate "2023.07.31"]
[SourceQuality "1"]

1. e4 c5 2. Nf3 d6 3. Bb5+ Nd7 4. d4 cxd4 5. Qxd4 a6 6. Bxd7+ Bxd7 7. c4 e5 8. Qd3 h6 9. Nc3 Nf6 10. 0-0 Be7 11. Ne1 Rc8 12. Nc2 Qc7 13. Ne3 Be6 14. b3 b5 15. Ncd5 Nxd5 16. Nxd5 Bxd5 17. cxd5 Qc2 18. Qxc2 Rxc2 19. a4 b4 20. a5 Kd7 21. Be3 Rb8 22. Rfc1 Rbc8 23. Kf1 R2c3 24. Rcb1 Bg5 25. Bb6 Rc2 26. h4 Bc1 27. Be3 Bxe3 28. fxe3 Rd2 29. Ra4 Rcc2 30. Rxb4 Rf2+ 31. Kg1 Rxg2+ 32. Kh1 Rh2+ 33. Kg1 Rcg2+ 34. Kf1 Rg4 35. Re1 Rgxh4 36. Rb7+ Ke8 37. b4 Kd8 38. Kg1 Rh1+ 39. Kf2 R4h2+ 40. Kg3 Rh3+ 41. Kf2 R3h2+ 42. Kg3 Rxe1 43. Kxh2 Rxe3 44. b5 axb5 45. a6 Kc8 46. Rxf7 Ra3 47. Rf8+ Kc7 48. Rf7+ Kb6 49. Rd7 Kc5 50. Rc7+ Kd4 51. Rc6 Kxe4 52. Rxd6 b4 53. Rb6 Kxd5 0-1

[Event "Foxwoods op 15th"]
[Site "Ledyard"]
[Date "2023.04.08"]
[Round "7"]
[White "Ehsani, Yassamin L"]
[Black "Lawson, Eric"]
[Result "1/2-1/2"]
[WhiteElo "2037"]
[BlackElo "2274"]
[PlyCount "119"]
[EventDate "2023.04.05"]
[EventType "swiss"]
[EventRounds "9"]
[EventCountry "USA"]
[SourceTitle "CBM 213 Extra"]
[Source "ChessBase"]
[SourceDate "2023.05.31"]
[SourceVersion "1"]
[SourceVersionDate "2023.05.31"]
[SourceQuality "1"]

1. d4 d5 2. c4 c6 3. Nc3 Nf6 4. e3 e6 5. Nf3 Nbd7 6. Qc2 Bd6 7. Bd3 Qe7 8. 0-0 dxc4 9. Bxc4 e5 10. h3 0-0 11. Bb3 h6 12. Nh4 Nb6 13. Ng6 Qd8 14. Nxf8 Qxf8 15. Ne4 Nfd5 16. Nxd6 Qxd6 17. Bd2 exd4 18. exd4 Qf6 19. Qe4 Bf5 20. Qe5 Qg6 21. Qg3 Qxg3 22. fxg3 Be6 23. Rfe1 a5 24. a4 Nc7 25. Bxe6 Nxe6 26. Bc3 Nd5 27. Re5 Kf8 28. Ra3 Ke7 29. Rb3 Ra7 30. Kf2 Kd6 31. Ke2 b6 32. Kd3 Rd7 33. Ra3 Kc7 34. Kc4 Kd8 35. Ra1 Ke8 36. Rae1 Ke7 37. Rf1 Ke8 38. Rff5 Ndc7 39. Re1 Nd5 40. g4 Kd8 41. g3 Kc8 42. h4 Kd8 43. g5 hxg5 44. hxg5 g6 45. Rfe5 Ndc7 46. Rh1 b5+ 47. axb5 cxb5+ 48. Rxb5 Nxb5 49. Kxb5 Nxd4+ 50. Kxa5 Kc7 51. Bxd4 Rxd4 52. b4 Kb7 53. Rf1 Rd5+ 54. b5 Rd7 55. Rf6 Re7 56. Rf2 Rc7 57. Kb4 Kb6 58. Ra2 Re7 59. Ra6+ Kb7 60. Rf6 1/2-1/2

[Event "Foxwoods op 15th"]
[Site "Ledyard"]
[Date "2023.04.05"]
[Round "1"]
[White "Lawson, Eric"]
[Black "Mkrtchyan, Mikayel"]
[Result "1/2-1/2"]
[WhiteElo "2274"]
[BlackElo "1940"]
[PlyCount "112"]
[EventDate "2023.04.05"]
[EventType "swiss"]
[EventRounds "9"]
[EventCountry "USA"]
[SourceTitle "CBM 213 Extra"]
[Source "ChessBase"]
[SourceDate "2023.05.31"]
[SourceVersion "1"]
[SourceVersionDate "2023.05.31"]
[SourceQuality "1"]

1. e4 c5 2. Nf3 d6 3. d4 cxd4 4. Nxd4 Nf6 5. Nc3 a6 6. h3 e5 7. Nde2 h5 8. Bg5 Be6 9. Qd2 Nbd7 10. f4 Nc5 11. f5 Bd7 12. Bxf6 Qxf6 13. b4 Na4 14. Nxa4 Bxa4 15. Nc3 Bc6 16. Bd3 d5 17. exd5 Bxb4 18. 0-0 Bd7 19. Rab1 Qb6+ 20. Kh1 Qa5 21. Qg5 Bxc3 22. d6 f6 23. Qg6+ Kf8 24. Rxb7 Rh6 25. Qg3 Rd8 26. Bc4 e4 27. Be6 g5 28. Rxd7 Rxd7 29. Bxd7 Rh7 30. Be6 Be5 31. Qe3 Bxd6 32. Qxe4 Re7 33. Qa8+ Re8 34. Qb7 Bc7 35. Bd5 Re1 36. Qc8+ Ke7 37. Bc4 Qe5 38. Qe6+ Qxe6 39. fxe6 Rxf1+ 40. Bxf1 Kxe6 41. Bxa6 Ke5 42. c4 Bb6 43. g3 Ke4 44. Kg2 f5 45. Bb7+ Ke3 46. a4 h4 47. gxh4 gxh4 48. Bc6 f4 49. Bd5 Ke2 50. Be4 Ke3 51. Bf3 Kd4 52. Be2 Ke3 53. Bh5 Kd4 54. Kf3 Kxc4 55. Kxf4 Kb4 56. Be8 Bd8 1/2-1/2

[Event "Titled Tuesday intern op 28th Feb Late"]
[Site "Chess.com INT"]
[Date "2023.02.28"]
[Round "6"]
[White "Argandona Riveiro, Inigo"]
[Black "Lawson, Eric"]
[Result "0-1"]
[WhiteElo "2353"]
[BlackElo "2328"]
[PlyCount "84"]
[EventDate "2023.02.28"]
[EventType "swiss (blitz)"]
[EventRounds "11"]
[EventCountry "USA"]
[SourceTitle "CBM 213 Extra"]
[Source "ChessBase"]
[SourceDate "2023.05.31"]
[SourceVersion "1"]
[SourceVersionDate "2023.05.31"]
[SourceQuality "1"]

1. Nf3 d5 2. c4 d4 3. e3 c5 4. b4 f6 5. bxc5 e5 6. Nxe5 fxe5 7. Qh5+ Kd7 8. Qxe5 Nc6 9. Qd5+ Kc7 10. Na3 a6 11. Be2 Nf6 12. Qxd8+ Kxd8 13. Bb2 Bxc5 14. Nc2 dxe3 15. fxe3 Nb4 16. 0-0-0 Nxa2+ 17. Kb1 Nb4 18. d4 Be7 19. Nxb4 Bxb4 20. Bf3 Re8 21. Bc1 Bf5+ 22. Kb2 Be4 23. Kb3 a5 24. Rhf1 Kc7 25. d5 Kd6 26. Bb2 Bc5 27. Bxf6 gxf6 28. Bxe4 Rxe4 29. Rxf6+ Ke7 30. Rdf1 a4+ 31. Ka2 Rxe3 32. Rf7+ Kd6 33. R1f6+ Ke5 34. Re6+ Kd4 35. Rf4+ Kd3 36. Rxe3+ Bxe3 37. Rh4 Bc5 38. Rxh7 b6 39. Rh4 Rf8 40. g3 Rf2+ 41. Kb1 a3 42. Re4 Kxe4 0-1

[Event "Titled Tuesday intern op 28th Feb Late"]
[Site "Chess.com INT"]
[Date "2023.02.28"]
[Round "9"]
[White "Escalante, Rafael"]
[Black "Lawson, Eric"]
[Result "0-1"]
[WhiteElo "2205"]
[BlackElo "2328"]
[PlyCount "76"]
[EventDate "2023.02.28"]
[EventType "swiss (blitz)"]
[EventRounds "11"]
[EventCountry "USA"]
[SourceTitle "CBM 213 Extra"]
[Source "ChessBase"]
[SourceDate "2023.05.31"]
[SourceVersion "1"]
[SourceVersionDate "2023.05.31"]
[SourceQuality "1"]

1. Nf3 Nf6 2. d4 e6 3. c4 Bb4+ 4. Bd2 a5 5. g3 0-0 6. Bg2 d5 7. cxd5 exd5 8. 0-0 Be7 9. Nc3 Bf5 10. Nh4 Be6 11. Qc2 Na6 12. a3 c6 13. Rac1 Re8 14. Nf3 Nc7 15. Ne5 Bd6 16. Nd3 Bf5 17. Bg5 h6 18. Bxf6 Qxf6 19. e3 Ne6 20. Qd1 Qg6 21. Ne5 Bxe5 22. dxe5 Ng5 23. f4 Ne4 24. Nxe4 Bxe4 25. Qd4 Bxg2 26. Kxg2 f6 27. exf6 Qxf6 28. Qxf6 gxf6 29. Kf3 Re4 30. Rfd1 Ra6 31. Rd3 Rb6 32. b3 Kf7 33. Rc5 Ra6 34. Rd4 f5 35. Rxe4 fxe4+ 36. Kg4 Ke6 37. Kh5 Rb6 38. Rc3 Kd6 0-1

[Event "Titled Tuesday intern op 28th Feb Late"]
[Site "Chess.com INT"]
[Date "2023.02.28"]
[Round "1"]
[White "Lawson, Eric"]
[Black "Fedoseev, Vladimir1111"]
[Result "0-1"]
[WhiteElo "2328"]
[BlackElo "2674"]
[PlyCount "90"]
[EventDate "2023.02.28"]
[EventType "swiss (blitz)"]
[EventRounds "11"]
[EventCountry "USA"]
[SourceTitle "CBM 213 Extra"]
[Source "ChessBase"]
[SourceDate "2023.05.31"]
[SourceVersion "1"]
[SourceVersionDate "2023.05.31"]
[SourceQuality "1"]

1. e4 c5 2. Nf3 d6 3. d4 cxd4 4. Nxd4 Nf6 5. Nc3 a6 6. h3 e5 7. Nde2 h5 8. g3 Be7 9. Bg2 b5 10. Nd5 Nxd5 11. Qxd5 Ra7 12. Be3 Rb7 13. 0-0 Qc7 14. Rfc1 0-0 15. a4 Be6 16. Qd1 b4 17. c4 Nd7 18. a5 Nc5 19. b3 Qc8 20. Kh2 Bd7 21. f4 Bc6 22. Bxc5 dxc5 23. fxe5 Rd7 24. Qe1 Qc7 25. Nf4 Qxe5 26. Nd5 h4 27. Bf3 Bd6 28. Kg2 hxg3 29. Ra2 Rdd8 30. Rd2 Rde8 31. Rcd1 f5 32. Re2 f4 33. Red2 Re6 34. Qe2 Rh6 35. Bg4 Bd7 36. Bxd7 f3+ 37. Qxf3 Rxf3 38. Kxf3 Qg5 39. Bg4 Be5 40. Kg2 Kh7 41. Rd3 Rh4 42. Rf3 Qh6 43. Rh1 Qd2+ 44. Kg1 Bd4+ 45. Kf1 g2# 0-1

[Event "Titled Tuesday intern op 28th Feb Late"]
[Site "Chess.com INT"]
[Date "2023.02.28"]
[Round "5"]
[White "Lawson, Eric"]
[Black "Melkumyan, Hrant"]
[Result "0-1"]
[WhiteElo "2328"]
[BlackElo "2645"]
[PlyCount "92"]
[EventDate "2023.02.28"]
[EventType "swiss (blitz)"]
[EventRounds "11"]
[EventCountry "USA"]
[SourceTitle "CBM 213 Extra"]
[Source "ChessBase"]
[SourceDate "2023.05.31"]
[SourceVersion "1"]
[SourceVersionDate "2023.05.31"]
[SourceQuality "1"]

1. e4 c6 2. d4 d5 3. e5 Bf5 4. Nf3 e6 5. Be2 Ne7 6. 0-0 c5 7. dxc5 Nec6 8. c4 d4 9. Qb3 d3 10. Rd1 Nd7 11. Qxb7 dxe2 12. Rxd7 Qxd7 13. Qxa8+ Nd8 14. Bd2 Bxc5 15. Nc3 0-0 16. Qb8 Nb7 17. Qxf8+ Bxf8 18. Nxe2 Be4 19. Ned4 Nc5 20. Be3 Qb7 21. b3 h6 22. h3 Nd3 23. Rd1 a5 24. Kf1 a4 25. Ke2 Nc5 26. Nb5 axb3 27. Bxc5 Bxc5 28. axb3 Qa8 29. Nc3 Bxf3+ 30. gxf3 Qb8 31. f4 Qxb3 32. Ne4 Qxc4+ 33. Kf3 Qb3+ 34. Ke2 Bb6 35. Rd7 Qc4+ 36. Kf3 Qb3+ 37. Kg4 Qb5 38. Re7 Qe2+ 39. f3 Qg2+ 40. Kh4 Bf2+ 41. Nxf2 Qxf2+ 42. Kg4 Qg2+ 43. Kh4 g5+ 44. Kh5 gxf4 45. Re8+ Kg7 46. h4 Qg6# 0-1

[Event "Titled Tuesday intern op 28th Feb Late"]
[Site "Chess.com INT"]
[Date "2023.02.28"]
[Round "2"]
[White "Prieto Aranguren, Alain"]
[Black "Lawson, Eric"]
[Result "0-1"]
[WhiteElo "2268"]
[BlackElo "2328"]
[PlyCount "40"]
[EventDate "2023.02.28"]
[EventType "swiss (blitz)"]
[EventRounds "11"]
[EventCountry "USA"]
[SourceTitle "CBM 213 Extra"]
[Source "ChessBase"]
[SourceDate "2023.05.31"]
[SourceVersion "1"]
[SourceVersionDate "2023.05.31"]
[SourceQuality "1"]

1. d4 d5 2. c4 c6 3. cxd5 cxd5 4. Nf3 Nf6 5. Nc3 Nc6 6. Bf4 Bf5 7. e3 e6 8. Bd3 Bg6 9. 0-0 Bd6 10. Ne5 Bxe5 11. dxe5 Nd7 12. Bxg6 hxg6 13. e4 d4 14. Nb5 Ndxe5 15. Bxe5 Nxe5 16. Qxd4 Qxd4 17. Nxd4 0-0-0 18. Rfd1 Rd7 19. f4 Rhd8 20. Rac1+ Nc6 0-1

[Event "Titled Tuesday intern op 13th Dec Early"]
[Site "Chess.com INT"]
[Date "2022.12.13"]
[Round "10"]
[White "Lawson, Eric"]
[Black "Bogaudinov, Rushan"]
[Result "0-1"]
[WhiteElo "2331"]
[BlackElo "2003"]
[PlyCount "54"]
[EventDate "2022.12.13"]
[EventType "swiss (blitz)"]
[EventRounds "11"]
[EventCountry "USA"]
[SourceTitle "EXT 2024"]
[Source "ChessBase"]
[SourceDate "2023.10.10"]
[SourceVersion "1"]
[SourceVersionDate "2023.10.10"]
[SourceQuality "1"]

1. e3 g6 2. b3 Bg7 3. d4 c5 4. c3 e6 5. h4 h6 6. h5 g5 7. Bd3 cxd4 8. cxd4 Nc6 9. Ba3 Nge7 10. Ne2 a6 11. Nbc3 0-0 12. Bd6 b5 13. a4 Bb7 14. axb5 axb5 15. Nxb5 f5 16. 0-0 Rxa1 17. Qxa1 Nb4 18. Bxb4 Bf6 19. Qa7 Bc6 20. Qc5 Qe8 21. Ng3 f4 22. Ne4 Qxh5 23. Nxf6+ Rxf6 24. Qxe7 Bxg2 25. f3 Bxf3 26. Qxf6 Qg4+ 27. Kf2 Qg3# 0-1

[Event "Titled Tuesday intern op 06th Dec Early"]
[Site "Chess.com INT"]
[Date "2022.12.06"]
[Round "2"]
[White "Bacrot, Etienne"]
[Black "Lawson, Eric"]
[Result "1-0"]
[WhiteElo "2653"]
[BlackElo "2331"]
[PlyCount "87"]
[EventDate "2022.12.06"]
[EventType "swiss (blitz)"]
[EventRounds "11"]
[EventCountry "USA"]
[SourceTitle "CBM 211 Extra"]
[Source "ChessBase"]
[SourceDate "2023.01.31"]
[SourceVersion "1"]
[SourceVersionDate "2023.01.31"]
[SourceQuality "1"]

1. e4 c5 2. Nf3 Nc6 3. Bb5 g6 4. 0-0 Bg7 5. Re1 Nf6 6. e5 Nd5 7. Nc3 Nc7 8. Bf1 d5 9. exd6 Qxd6 10. Ne4 Qd5 11. Bc4 Qd8 12. Nxc5 0-0 13. h3 Nd4 14. Nb3 b5 15. Nbxd4 bxc4 16. Nc6 Qd7 17. Nxe7+ Kh8 18. Nxc8 Raxc8 19. d4 cxd3 20. Qxd3 Qxd3 21. cxd3 Rfd8 22. d4 Ne6 23. Rd1 Nxd4 24. Nxd4 Rxd4 25. Be3 Rxd1+ 26. Rxd1 a5 27. Bb6 a4 28. b3 axb3 29. axb3 Rb8 30. Rd8+ Rxd8 31. Bxd8 Bc3 32. Kf1 Bb4 33. Ke2 Kg7 34. Kd3 Kf8 35. Kc4 Be1 36. Bb6 Ke8 37. b4 Kd7 38. b5 Ke6 39. Bc5 f5 40. b6 Kd7 41. Kb5 g5 42. b7 Kc7 43. Ka6 Bb4 44. Bxb4 1-0

[Event "Titled Tuesday intern op 06th Dec Early"]
[Site "Chess.com INT"]
[Date "2022.12.06"]
[Round "10"]
[White "Lawson, Eric"]
[Black "Sadilek, Peter"]
[Result "0-1"]
[WhiteElo "2331"]
[BlackElo "2299"]
[PlyCount "100"]
[EventDate "2022.12.06"]
[EventType "swiss (blitz)"]
[EventRounds "11"]
[EventCountry "USA"]
[SourceTitle "CBM 211 Extra"]
[Source "ChessBase"]
[SourceDate "2023.01.31"]
[SourceVersion "1"]
[SourceVersionDate "2023.01.31"]
[SourceQuality "1"]

1. e4 g6 2. d4 d6 3. Nc3 a6 4. f4 b5 5. Nf3 Bg7 6. Bd3 Nd7 7. e5 c5 8. Be4 Rb8 9. Be3 Nh6 10. dxc5 Ng4 11. Bg1 b4 12. Na4 dxe5 13. c6 Ndf6 14. Qxd8+ Kxd8 15. Bd3 e4 16. Ng5 exd3 17. Nxf7+ Kc7 18. Nxh8 Bxh8 19. h3 Nh6 20. g4 Nd5 21. cxd3 Nxf4 22. Bh2 g5 23. Rc1 Be5 24. Kd2 Nf7 25. d4 Bxd4 26. h4 e5 27. hxg5 Nxg5 28. Nc5 Nf3+ 29. Kd1 Bxg4 30. Bxf4 exf4 31. Nxa6+ Kc8 32. Nxb8 Kxb8 33. Kc2 h5 34. Kb3 Kc7 35. Kxb4 Ne5 36. Kb5 f3 37. Rhd1 Be3 38. Rc3 f2 39. Rf1 Be2+ 40. Kb4 Bxf1 41. Rxe3 Ba6 42. Rxe5 f1Q 43. Re7+ Kxc6 44. Re6+ Kd5 45. Rxa6 Qxa6 46. a4 h4 47. b3 h3 48. a5 h2 49. Ka4 h1Q 50. b4 Qa1+ 0-1

[Event "Titled Tuesday intern op 08th Nov Early"]
[Site "Chess.com INT"]
[Date "2022.11.08"]
[Round "1"]
[White "Lawson, Eric"]
[Black "Kovalenko, Igor"]
[Result "1-0"]
[WhiteElo "2331"]
[BlackElo "2674"]
[PlyCount "83"]
[EventDate "2022.11.08"]
[EventType "swiss (blitz)"]
[EventRounds "11"]
[EventCountry "USA"]
[SourceTitle "EXT 2024"]
[Source "ChessBase"]
[SourceDate "2023.10.10"]
[SourceVersion "1"]
[SourceVersionDate "2023.10.10"]
[SourceQuality "1"]

1. e4 c5 2. Nf3 e6 3. g3 Nc6 4. Bg2 Nf6 5. Nc3 e5 6. 0-0 Be7 7. d3 0-0 8. Re1 d6 9. h3 h6 10. a3 Be6 11. Rb1 Qd7 12. Kh2 a5 13. Bd2 a4 14. Ng1 Rfb8 15. Nd5 b5 16. c3 Bd8 17. f4 exf4 18. gxf4 Bxd5 19. exd5 Ne7 20. c4 bxc4 21. dxc4 Ng6 22. Ne2 Nh7 23. Nc3 Bh4 24. Rf1 Bf6 25. Nb5 Nh4 26. Be4 Nf8 27. Qg4 Qd8 28. Rg1 Nhg6 29. Rg3 Kh8 30. Kh1 Rb7 31. Qh5 Re7 32. Bd3 Qd7 33. Rbg1 Rae8 34. f5 Re2 35. Bxh6 gxh6 36. Qxh6+ Kg8 37. fxg6 R8e4 38. Bxe2 Rxe2 39. gxf7+ Kxf7 40. Qh5+ Ke7 41. Qxe2+ Kd8 42. Qg4 1-0

[Event "Titled Tuesday intern op 08th Nov Early"]
[Site "Chess.com INT"]
[Date "2022.11.08"]
[Round "6"]
[White "Seletsky, Grigory"]
[Black "Lawson, Eric"]
[Result "0-1"]
[WhiteElo "2281"]
[BlackElo "2331"]
[PlyCount "94"]
[EventDate "2022.11.08"]
[EventType "swiss (blitz)"]
[EventRounds "11"]
[EventCountry "USA"]
[SourceTitle "EXT 2024"]
[Source "ChessBase"]
[SourceDate "2023.10.10"]
[SourceVersion "1"]
[SourceVersionDate "2023.10.10"]
[SourceQuality "1"]

1. e4 c5 2. Nc3 d6 3. Bc4 g6 4. d3 Bg7 5. f4 Nf6 6. Nf3 0-0 7. 0-0 Bg4 8. Qe1 Bxf3 9. Rxf3 e6 10. f5 d5 11. Bb3 dxe4 12. dxe4 c4 13. e5 cxb3 14. exf6 Qxf6 15. fxe6 Qxe6 16. Qxe6 fxe6 17. Rxf8+ Kxf8 18. axb3 Nc6 19. Be3 Bd4 20. Kf2 Ke7 21. Nd1 a6 22. c3 Be5 23. h3 h5 24. Ke2 Rg8 25. Nf2 g5 26. g4 h4 27. Ne4 Bf4 28. Bc5+ Kf7 29. Rd1 Rd8 30. Rxd8 Nxd8 31. Bd6 e5 32. b4 Ne6 33. b3 Bh2 34. Kf3 Kg6 35. Kg2 Bf4 36. Bc5 Bc1 37. Bd6 Nf4+ 38. Kh2 Nd3 39. Kg2 Kf7 40. Nc5 Nf4+ 41. Kh2 Kf6 42. Ne4+ Ke6 43. Bc5 Ne2 44. c4 Bf4+ 45. Kg2 Ng3 46. Kf3 Nf1 47. Be3 Nxe3 0-1